| 000 | 00469nam a2200169 a 4500 | ||
|---|---|---|---|
| 001 | 1835 | ||
| 005 | 20140414131938.0 | ||
| 008 | 010417s19uu xx 00 eng d | ||
| 050 |
_aER _bIc1 1995 |
||
| 245 |
_aI can multiply : flip fun numbers / _cillustrated by Simone Abel. |
||
| 260 |
_aLondon : _bQuarto Children's Book, _c1995. |
||
| 300 | _a1 v. p. ; cm. | ||
| 440 | _aFlip fun numbers | ||
| 650 | _aMathematics. | ||
| 650 | _aMultiplication. | ||
| 999 |
_c112510 _d112510 |
||